Primus Songs - Sudden Death - Statistics

General Stats
  • This quiz has been taken 60 times
  • The average score is 10 of 20
Answers on the Grid
Answers color-coded by a green-red scale on the quiz's grid according to % correct below.
Jerry Was A Race Car Driver
My Name Is Mud
Skeeter's Swamp Skip
Wynona's Big Brown Beaver
The Pungent Piper of Petaluma
The Return of Sathington Wloughby
El Stinko Amigos
HOINFODAMAN
John the Fisherman
Oompa Drive
DMV
Tommy the Cat
Electric Uncle Sam
Outro
Southbound Pachyderm
Lacquer Head
American Life
Welcome To This World
Over The Falls
Bob
Sgt. Baker
Pudding Time
Amos Moses
The Seven
Making Plans For Nigel
Big Chungus
Ski Jump Nose
Prime Time Slime
Skateboard Jesus
I Am The One Who Knocks
 
Answer Stats
Answer % Correct
My Name Is Mud
87%
Jerry Was A Race Car Driver
80%
Wynona's Big Brown Beaver
80%
John the Fisherman
73%
Tommy the Cat
73%
DMV
67%
Lacquer Head
63%
Sgt. Baker
60%
Southbound Pachyderm
53%
American Life
47%
Pudding Time
43%
Bob
40%
Over The Falls
40%
The Seven
40%
Electric Uncle Sam
37%
The Return of Sathington Wloughby
33%
Welcome To This World
33%
Amos Moses
30%
HOINFODAMAN
23%
Making Plans For Nigel
17%
No matching quizzes found
Score Distribution
Percent of People with Each Score
Percentile by Number Answered
Your Score History
You have not taken this quiz